Κατάλογος Βιβλιοθηκών Mediterranean College

Early Years Foundations Meeting the Challenge (Record no. 4464)

MARC details
000 -LEADER
fixed length control field 01422cam a22002054a 4500
005 - ΗΜΕΡΟΜΗΝΙΑ ΚΑΙ ΩΡΑ ΤΕΛΕΥΤΑΙΑΣ ΕΝΗΜΕΡΩΣΗΣ
Πεδίο ελέγχου 20250605164146.0
008 - FIXED-LENGTH DATA ELEMENTS--GENERAL INFORMATION
Πεδίο ελέγχου σταθερού μήκους 250528s ||||||||||||||||||||||||d
035 ## - SYSTEM CONTROL NUMBER
System control number 19192
020 ## - ISBN
ISBN 335223494
040 ## - ΠΗΓΗ ΚΑΤΑΛΟΓΟΓΡΑΦΗΣΗΣ
Φορέας πρωτότυπης καταλογογράφησης MC Athens Campus Library
Γλώσσα καταλογογράφησης Ελληνικά, Μοντέρνα (1453-)
Modifying agency MC Athens Campus Library
Κανόνες περιγραφικής καταλογογράφησης AACR2
245 1# - ΤΙΤΛΟΣ ΚΑΙ ΔΗΛΩΣΗ ΥΠΕΥΘΥΝΟΤΗΤΑΣ
Τίτλος Early Years Foundations Meeting the Challenge
250 ## - EDITION STATEMENT
Edition statement 1st
260 ## - PUBLICATION, DISTRIBUTION, ETC.
Name of publisher, distributor, etc. Mcgraw Hill,
Date of publication, distribution, etc. 2007
300 ## - PHYSICAL DESCRIPTION
Extent 300
520 ## - SUMMARY, ETC.
Summary, etc. Early Years Foundation Stage principles as its framework, the book supports early years professionals in dealing with a range of issues and challenges in a sensitive and professional manner, with particular emphasis upon the need for practitioners to personalize the requirements for each child in their care and to reflect closely upon their own and children's experiences. Introduction, Section one a Unique Child, Primary Communication: What can Adults Learn from Babies? Difference, Culture and Diversity: Challenges, Responsibilities and Opportunities, Section Two Positive Relationships, Working Together to Support Learning and Transition, Vision, Mission, Method: Challenges and Issues in Developing the Role of the Early Years Mentor Teacher, Section Three Enabling Environment, Children's Outdoor Experiences: a Sense of Adventure? Section Four Learning and Development, What does it Mean to be Creative? Appendix, Index.
700 1# - ΠΡΟΣΘΕΤΗ ΑΝΑΓΡΑΦΗ--ΦΥΣΙΚΟ ΠΡΟΣΩΠΟ
Personal name Moyles Janet R
9 (RLIN) 405
942 ## - ADDED ENTRY ELEMENTS (KOHA)
Koha item type Books
Holdings
Τύπος τεκμηρίου Βιβλιοθήκη Τρέχουσα τοποθεσία Barcode Αριθμός εισαγωγής Ημερομηνία απόκτησης Ταξιθετικό σύμβολο Αριθμός αντιτύπου Κατάσταση απόσυρσης Κατάσταση χαμένου Κατάσταση κατεστραμμένου Μη δανεισμός Σύνολο δανεισμών Ημερομηνία τελευταίας εμφάνισης Η τιμή ισχύει από
Books MC Athens Campus Library MC Athens Campus Library 9780000044631 5170 05/06/2025 372.210941 MOY 1           05/06/2025 05/06/2025

MC Athens Campus Library
Πατησίων 94 & Κοδριγκτώνος 13, 104 34
Πελλήνης 8 & Πατησίων 107, 112 51
Τ: +30 210 8899600

MC Thessaloniki Campus Library
Ίωνος Δραγούμη 21, 54625 | Ίωνος Δραγούμη 15, 54625
Τ: +30 2310 287779 – Τ: +30 2314 440300